<?xml version="1.0" encoding="UTF-8"?>
<record
    xmlns:xsi="http://www.w3.org/2001/XMLSchema-instance"
    xsi:schemaLocation="http://www.loc.gov/MARC21/slim http://www.loc.gov/standards/marcxml/schema/MARC21slim.xsd"
    xmlns="http://www.loc.gov/MARC21/slim">

  <leader>01724nas a2200277Ia 4500</leader>
  <controlfield tag="001">R300-R7239</controlfield>
  <controlfield tag="003">IT-CnALBA</controlfield>
  <controlfield tag="008">170116c99999999xx ||||||||||||   ||und||</controlfield>
  <datafield tag="040" ind1=" " ind2=" ">
    <subfield code="a">IT-CnALBA</subfield>
    <subfield code="c">IT-CnALBA</subfield>
  </datafield>
  <datafield tag="041" ind1=" " ind2=" ">
    <subfield code="a">ITALIANO</subfield>
  </datafield>
  <datafield tag="100" ind1=" " ind2=" ">
    <subfield code="a">ARINZE FRANCIS, CARDINALE</subfield>
  </datafield>
  <datafield tag="210" ind1=" " ind2=" ">
    <subfield code="a">STUDI CATTOLICI</subfield>
  </datafield>
  <datafield tag="222" ind1=" " ind2=" ">
    <subfield code="a">STUDI CATTOLICI</subfield>
  </datafield>
  <datafield tag="245" ind1=" " ind2="0">
    <subfield code="a">STUDI CATTOLICI. APRILE-MAGGIO 1985. </subfield>
  </datafield>
  <datafield tag="250" ind1=" " ind2=" ">
    <subfield code="a">1a ed.</subfield>
  </datafield>
  <datafield tag="260" ind1=" " ind2=" ">
    <subfield code="a">ROMA - MILANO</subfield>
    <subfield code="b">ARES EDIZIONI </subfield>
    <subfield code="c">1985 [1&#xB0; Ed.:1985 - Ed.Ling.Originale: 1985]</subfield>
  </datafield>
  <datafield tag="300" ind1=" " ind2=" ">
    <subfield code="a">80 p. </subfield>
  </datafield>
  <datafield tag="310" ind1=" " ind2=" ">
    <subfield code="a">MENSILE</subfield>
  </datafield>
  <datafield tag="362" ind1=" " ind2=" ">
    <subfield code="a">Fascicolo: 290-291 / Anno: 29 (1985)</subfield>
  </datafield>
  <datafield tag="500" ind1=" " ind2=" ">
    <subfield code="a">L'INCARNAZIONE DEL VANGELO NELLE CULTURE. LA SCUOLA E L'INFORMATICA. LA CHIESA ITALIANA CON IL PAPA A LORETO, CAVALLERI C. L'UNESCO SOFFOCATA DALLA BUROCRAZIA, MATHIEU V. QUO VADIS, KOLOSSAL? RUBRICA TELEVISIVA DI F. COLOMBO. LETTERA DA BERLINO, LIBERALI ALLA RISCOSSA. PASTORALE, DIACONIA DELLA SOFFERENZA. SACRA SCRITTURA, IL SALMO DELLA SPERANZA. DANTE, LA GIUSTIZIA E LO STILE. CENTENARO DI VICTOR HUGO, DRAMMATURGO. DE GASPERI E LA RERUM NOVARUM. </subfield>
  </datafield>
  <datafield tag="501" ind1=" " ind2=" ">
    <subfield code="a">Societ&#xE0; San Paolo EM - Piazza San Paolo, 14 - 12051 ALBA (CN)  (non commercial uses only) &#xAE; Copyright 2017</subfield>
  </datafield>
  <datafield tag="520" ind1=" " ind2=" ">
    <subfield code="a">L'INCARNAZIONE DEL VANGELO NELLE CULTURE. LA SCUOLA E L'INFORMATICA. LA CHIESA ITALIANA CON IL PAPA A LORETO, CAVALLERI C. L'UNESCO SOFFOCATA DALLA BUROCRAZIA, MATHIEU V. QUO VADIS, KOLOSSAL? RUBRICA TELEVISIVA DI F. COLOMBO. LETTERA DA BERLINO, LIBERALI ALLA RISCOSSA. PASTORALE, DIACONIA DELLA SOFFERENZA. SACRA SCRITTURA, IL SALMO DELLA SPERANZA. DANTE, LA GIUSTIZIA E LO STILE. CENTENARO DI VICTOR HUGO, DRAMMATURGO. DE GASPERI E LA RERUM NOVARUM. </subfield>
  </datafield>
  <datafield tag="650" ind1=" " ind2=" ">
    <subfield code="a">TEOLOGIA SOCIALE</subfield>
  </datafield>
  <datafield tag="942" ind1=" " ind2=" ">
    <subfield code="c">CR</subfield>
  </datafield>
  <datafield tag="957" ind1=" " ind2=" ">
    <subfield code="7">1</subfield>
  </datafield>
  <datafield tag="999" ind1=" " ind2=" ">
    <subfield code="a">58806</subfield>
    <subfield code="b">NO</subfield>
    <subfield code="g">1</subfield>
    <subfield code="c">325833</subfield>
    <subfield code="d">325833</subfield>
  </datafield>
  <datafield tag="952" ind1=" " ind2=" ">
    <subfield code="0">0</subfield>
    <subfield code="1">0</subfield>
    <subfield code="4">0</subfield>
    <subfield code="6">R_300R7239</subfield>
    <subfield code="7">1</subfield>
    <subfield code="a">ALBA</subfield>
    <subfield code="b">ALBA</subfield>
    <subfield code="d">2017-01-16</subfield>
    <subfield code="l">0</subfield>
    <subfield code="o">R300-R7239</subfield>
    <subfield code="r">2017-01-16 00:00:00</subfield>
    <subfield code="w">2017-01-16</subfield>
    <subfield code="y">CR</subfield>
    <subfield code="z">(data import: 16 gennaio 2017) - By Epidotti, Vaglietti. </subfield>
  </datafield>
</record>
